000 00491nam a2200169 a 4500
001 42958
005 20180714021326.0
008 140415s1965 sp 000 0 spa d
041 _aspa
082 _a980
_bGAR
100 1 _aGARRIGUES, EMILIO
245 1 4 _aLOS ESPAÑOLES EN LA OTRA AMERICA
250 _a1a ed.
260 _aESPAÑA :
_bEDICIONES CULTURA HISPANICA,
_c1965
300 _a170
650 1 4 _aAMERICA LATINA
_xCONDICIONES ECONOMICAS
_xAMERICA LATINA
_xHISTORIA
999 _c42958
_d42958